| 000 | 00627nam a22002177a 4500 | ||
|---|---|---|---|
| 001 | 00028616 | ||
| 005 | 20260321103500.0 | ||
| 008 | 260321b ag ||||| |||| 00| 0 spa d | ||
| 020 | _a9506735034 | ||
| 040 |
_aAR-CcCEOS _bspa _cAR-CcCEOS |
||
| 041 | _aspa | ||
| 080 | _a159.964 | ||
| 090 | _bMEL | ||
| 100 | 1 |
_aMelman, Charles, _d1931- _9947 |
|
| 245 |
_aEl hombre sin gravedad : _bGozar a cualquier precio / _cCharles Melman |
||
| 250 | _a1ª ed. | ||
| 260 |
_aRosario : _bUniversidad Nacional de Rosario, _c2005. |
||
| 300 |
_a240 p. ; _c23x14 cm. |
||
| 655 | 0 |
_apsicoanalisis _9442 _vpsiquiatrÃa |
|
| 942 |
_2udc _cBK _n0 |
||
| 999 |
_c28646 _d28646 |
||